Statistiques concernant Le palmarès des 100 prénoms féminins du XXe siècle

Cliquez ici pour prendre le quiz!

Statistiques générales

  • Ce quiz a été pris 17,255 fois
  • Le résultat moyen est 58 sur 100

Statistiques - réponses

Rang Prénom % Correct
1Marie
99%
4Anne
90%
47Julie
88%
2Jeanne
86%
30Sophie
81%
6Catherine
80%
9Isabelle
80%
20Christine
79%
3Françoise
79%
13Sylvie
77%
10Nathalie
76%
24Louise
76%
28Valérie
74%
66Caroline
74%
57Dominique
73%
72Juliette
72%
34Véronique
71%
49Emilie
71%
54Lucie
71%
77Pauline
71%
5Monique
70%
15Hélène
70%
23Christiane
69%
32Céline
69%
16Martine
69%
33Stéphanie
69%
38Annie
69%
92Léa
69%
42Patricia
67%
31Sandrine
67%
53Laurence
67%
81Charlotte
66%
74Camille
66%
51Cécile
66%
71Florence
65%
7Jacqueline
64%
41Brigitte
64%
97Laura
63%
60Claire
63%
64Danielle
62%
67Christelle
62%
18Nicole
62%
55Aurélie
62%
37Yvette
62%
63Maria
61%
17Denise
60%
61Claudine
60%
36Chantal
59%
65Corinne
59%
48Michèle
58%
52Elisabeth
58%
68Elodie
57%
100Marion
57%
27Paulette
57%
25Andrée
57%
56Virginie
56%
98Elise
56%
83Béatrice
56%
43Thérèse
56%
50Alice
55%
86Michelle
55%
22Renée
55%
70Bernadette
55%
29Jeannine
54%
46Colette
53%
91Mathilde
52%
26Simone
51%
58Henriette
50%
93Karine
50%
45Georgette
50%
12Marguerite
49%
14Yvonne
48%
8Madeleine
48%
80Audrey
47%
84Mélanie
47%
19Marcelle
45%
40Lucienne
44%
82Nadine
44%
11Suzanne
43%
87Delphine
43%
88Josiane
42%
44Raymonde
41%
35Odette
41%
21Germaine
41%
39Geneviève
41%
94Joséphine
40%
95Agnès
40%
78Mireille
40%
85Evelyne
39%
59Josette
39%
73Ginette
39%
69Gisèle
39%
79Annick
38%
62Marthe
38%
96Liliane
38%
89Micheline
37%
76Laetitia
33%
90Eliane
33%
99Fernande
33%

Distribution des résultats

Percentile par nombre de réponses

% des personnes avec chaque résultat

Votre développement - résultats

Vous n’avez pas pris ce quiz